| 000 | 00812nam a2200241Ia 4500 | ||
|---|---|---|---|
| 001 | 3161 | ||
| 003 | GE_BSU | ||
| 008 | 181216s||||||||xx |||||||||||||| ||und|| | ||
| 020 | _a5020144509 | ||
| 040 | _cGE_BSU | ||
| 080 | _a531(075.8) | ||
| 100 | _aБать,М.И. Джанелидзе,Г.Ю. Кельзон,А.С. | ||
| 245 | _aТеоретическая механика в примерах и задачах.Т.1:статика и кинематика. | ||
| 245 | _bУчеб. пособие. | ||
| 245 | _cРед.Н.П.Рябеньская. | ||
| 250 | _aИзд 9-ое, перераб. | ||
| 260 | _aМ. | ||
| 260 | _bНаука. | ||
| 260 | _c1990. | ||
| 300 | _a672стр.20см. | ||
| 653 | _aТеоретическая механика. Статика и кинематика. | ||
| 942 | _cBK | ||
| 999 |
_c37204 _d37204 |
||